000 00264nam a2200109Ia 4500
008 200302s9999 xx 000 0 und d
100 _aJ. K. Mckay
245 _aBuilding Construction Metric Vol 4
260 _bOrient Longman Ltd.
260 _c1996
300 _a275 P.,
999 _c927
_d927